00514nam a2200169Ia 450000500170000000800410001702000150005808200130007310000160008624500290010226000430013130000130017450000390018794200060022695200970023299900150032920250509024521.0240331s9999 xx 000 0 und d a9558678058 bDEZa891 aDe Zoysa, P 0aNirathara sarthakathwaya aAthulkottebBrillium Private ltdc2006 a210 p ., aA Book About Permeant Achievements cL 001040708LaWERCLbWERCLcSSCd2024-03-31l0o 158.1 DEZp5639r2024-03-31w2024-03-31yL c1361d1361